00645 2200241 4500001002100000005001500021035002000036245007500056100001600131250000600147300003700153700002100190260003800211082001000249084001600259020002200275650002100297990001700318990001700335990001700352990001700369990001700386INLIS00000000000079520190302113429 a0010-03190000081 aApakah Pemanasan Global Itu ? /cEdi Warsidi; Editor, Tim Rizky Aditya0 aEdi Warsidi a- aviii, 60 hlm. :bilus. ;c21 cm.0 aTim Rizky Aditya aJakarta :bCV Rizky Aditya,c2009 a577.2 a577.2 EDI a a978-979-18398-1-5 aPemanasan Global a02847/H/2018 a02848/H/2018 a03153/H/2018 a03154/H/2018 a03155/H/2018